000 00490nam a2200181Ia 4500
005 20250508163332.0
008 008 250505s9999 xx 000 0 eng d
037 _aTextual
040 _aFEDL
_beng
_cFEDL
041 _aeng
_2eng
084 _a420.7, HUB
_qFEDL
100 _aHubbard Peter
_9775151
245 0 _aTraining course for tefl
260 _aOxford
_bOxford University Press
_c1983
300 _a337p.
942 _cTEXL
_h420.7, HUB
999 _c1382388
_d1382388